000 00425nam a2200157 a 4500
001 3994
005 20140414131910.0
008 040601s19uu xx 00 eng d
050 _aER
_bC43
245 _aChick's long day /
_cillustrated by Toshikazu Shiino.
260 _aTokyo :
_bFrobel-kan,
_c[n.d.]
300 _a1 v. (unp.) : ill. ; cm.
440 _aSunny Day Series
650 _aAnimals--Stories.
999 _c111191
_d111191